[Event "Douglas IoM op"]
[Site "Douglas"]
[Date "2018.10.20"]
[Round "1"]
[White "Kashlinskaya, Alina"]
[Black "Giri, Anish"]
[Result "1/2-1/2"]
[WhiteElo "2447"]
[BlackElo "2780"]
[Annotator "Gutman,L"]
[PlyCount "72"]
[EventDate "2018.10.20"]
[EventType "swiss"]
[EventRounds "9"]
[EventCountry "IOM"]
[SourceTitle "EXT 2020"]
[Source "ChessBase"]
[SourceDate "2019.10.17"]
[SourceVersion "1"]
[SourceVersionDate "2019.10.17"]
[SourceQuality "1"]
[WhiteClock "0:09:39"]
[BlackClock "0:15:43"]

{[%evp 0,72,32,27,44,6,35,32,58,46,52,22,20,20,50,51,35,9,20,4,27,27,15,-4,13,
9,15,6,34,18,33,12,33,19,10,9,9,9,0,9,31,46,46,-26,-26,0,0,5,1,1,1,34,39,33,31,
28,28,28,28,22,22,20,17,18,19,18,18,18,18,18,12,13,13,13,13]} 1. d4 e6 2. c4
Bb4+ 3. Bd2 a5 4. Nf3 ({Alexei Kornev, A practical white repertoire with 1,d4
and 2.c4, Chess Stars 2014; verspricht Weiß Vorteil nach} 4. Nc3 $5) ({während
Lars Schandorff, Playing 1.d4, The indian Defences, Quality Chess 2012, für} 4.
e4 $5 {plädiert.}) 4... d5 {Eine Spezialität von Evgeny Romanov, in erster
Linie gegen 5.g3 gerichtet.} ({Wiacheslav Eingorn, A rock solid chess opening
repertoire for Black, Gambit 2012, hält} 4... d6 $5 {für eher angebracht.}) 5.
Bxb4 $5 {Diese Fortsetzung ist relativ selten zu sehen, Schwarz hat danach
kaum Probleme Ausgleich zu erreichen, aber Alina Kashlinskaya rechnet damit,
dass Anish Giri mehr erreichen will.} (5. e3 Nf6 {ist öfter anzutreffen,} 6.
Nc3 (6. Bd3 O-O 7. O-O b6 8. a3 Be7 9. Nc3 Bb7 10. cxd5 exd5 11. b3 Nbd7 12.
Bc1 Re8 13. Bb2 Ne4 $11 {Sarana-Romanov, St Petersburg 2018}) 6... O-O 7. a3
Bxc3 (7... Be7 $5 {kommt in Betracht}) 8. bxc3 b6 9. cxd5 exd5 10. c4 Ba6 11.
Qc2 c6 $5 ({jedoch nicht} 11... c5 $6 12. dxc5 bxc5 13. Bd3 d4 14. O-O $16 {
Fridman-Romanov, GER BL 2014/15}) 12. Bd3 Nbd7 13. O-O Re8 14. Rfc1 Qe7 15.
cxd5 Bxd3 16. Qxd3 cxd5 $11 {Moreno Ruiz- Carrasco Martinez, ESP ch 2011}) 5...
axb4 6. e3 b6 (6... Nf6 7. Nbd2 O-O 8. Be2 $5 (8. Bd3 b6 9. O-O c5 $11 {
Antic/Maksimovic, The modern Bogo, New in Chess 2014}) 8... b6 9. O-O {ist
Zugumstellung}) 7. Nbd2 Nf6 8. Be2 O-O 9. O-O Qe7 (9... c5 10. Qb3 Nc6 {
reicht zum Ausgleich,} 11. Rfc1 Na5 12. Qc2 dxc4 13. dxc5 bxc5 14. Nxc4 Nxc4
15. Bxc4 Bb7 16. Be2 Rc8 $11 {, aber Giri versucht das Spiel zu komplizieren.})
10. Qb3 Bb7 11. Rfc1 dxc4 12. Bxc4 $5 ({Dieser Zug verpricht etwas mehr
Dynamik, als das statische} 12. Nxc4 Bd5 (12... Nbd7 13. a3 bxa3 14. Rxa3 Rxa3
15. Qxa3 Qxa3 16. Nxa3 c5 $11) 13. Qc2 Nbd7 14. a3 bxa3 15. Nxa3 c5 $11) 12...
c5 (12... Nbd7 {könnte nach} 13. Bb5 Rfc8 14. Bc6 Bxc6 15. Rxc6 Nb8 16. Rcc1
Nbd7 $11 {zur Zugwiederholung führen.}) 13. Bb5 ({Zum Ausgleich reicht} 13. a3
cxd4 (13... bxa3 14. Rxa3 Nbd7 15. Rca1 $11) 14. Nxd4 bxa3 15. Rxa3 (15. bxa3
Nbd7 16. Qb4 Qxb4 17. axb4 Ne5 18. Be2 g5 $11) 15... Nbd7 16. Rca1 $11) 13...
Ne4 ({Vorsichtiger war} 13... Nbd7 $5 14. a3 bxa3 15. Rxa3 Rxa3 16. bxa3 $11)
14. Nxe4 Bxe4 15. dxc5 $5 ({Eine Kampfansage, statt sich mit} 15. Nd2 Bd5 16.
Bc4 (16. Qd3 Rd8 17. f3 h6 18. a4 bxa3 19. bxa3 Nd7 20. a4 cxd4 21. exd4 Nf6
$15) 16... Rd8 17. dxc5 bxc5 18. Qc2 Bxc4 19. Nxc4 Nc6 $11 {zufrieden zu geben.
}) 15... bxc5 16. Qc4 Qb7 17. Qxc5 ({Etwas komlizierter wäre es für Schwarz
nach} 17. a4 bxa3 18. Rxa3 Rxa3 19. bxa3 Bxf3 20. gxf3 Qxf3 21. a4 {gewesen,
doch reicht} Rd8 22. a5 h6 23. a6 Rd2 24. Qf1 (24. Qf4 Qxf4 25. exf4 Ra2 $11)
24... Nc6 25. Qg2 Rd1+ 26. Rxd1 Qxd1+ $11 {zum remis.}) 17... Bxf3 18. gxf3 Ra5
19. Bc6 Qa6 ({Möglich war sowohl} 19... Qc7 20. Bb5 (20. Qc4 Nxc6 21. Qxc6 Qe5)
20... Qb7 $11) ({als auch} 19... Nxc6 $5 20. Qxc6 Qe7 21. f4 Qh4 $11 {mit
genügend Spiel für den Bauern.}) 20. Qc4 Nxc6 21. Qxc6 Qe2 22. Rc2 Qd3 23. Qe4
Qxe4 (23... Qd6 24. Rac1 $14) 24. fxe4 b3 25. Rc3 Rxa2 26. Rxa2 bxa2 27. Ra3
Rb8 28. Rxa2 g5 29. Kf1 Kg7 30. Ke2 Kf6 31. Kd3 g4 32. Kc3 Rc8+ 33. Kd3 Rd8+
34. Kc3 Rc8+ 35. Kd3 Rd8+ 36. Kc3 Rc8+ 1/2-1/2

[Event "ISR-chT"]
[Site "Israel"]
[Date "1997.02.01"]
[Round "3"]
[White "Greenfeld, Alon"]
[Black "Har Zvi, Ronen"]
[Result "1-0"]
[WhiteElo "2520"]
[BlackElo "2505"]
[Annotator "Har Zvi,R"]
[PlyCount "55"]
[EventDate "1997.??.??"]
[EventType "team"]
[EventRounds "11"]
[EventCountry "ISR"]
[SourceTitle "CBM 059"]
[Source "ChessBase"]
[SourceDate "1997.08.01"]
[SourceVersion "1"]
[SourceVersionDate "1997.08.01"]
[SourceQuality "1"]

1. d4 g6 2. c4 Bg7 3. Nc3 c5 4. d5 Bxc3+ 5. bxc3 f5 6. e4 (6. Nf3 d6 7. g3 (7.
Bf4 h6 8. e3 Nf6 9. Bd3 Qa5 10. Qc2 Nbd7 11. h3 b5 12. Nd2 Nb6 13. O-O a6 14.
a4 Nxa4 15. cxb5 axb5 16. c4 Bd7 17. e4 $40 {Stohl,I-Horvath,J Ost-chT 1994})
7... Qa5 8. Qb3 $5 Nf6 9. Bg2 Nbd7 (9... Ne4 10. Ng5 $1 $14) 10. O-O Nb6 11.
Bh6 Ne4 12. Nd2 Nxd2 (12... Nxc3 13. Rae1 Nca4 14. e4 $40) 13. Bxd2 Qa4 14.
Rfe1 $1 Qxc4 15. e4 $44 {Gurevich,M-Huzman,A Wijk ann Zee 1993 56/58 [Gurevich,
M]}) (6. h4 Nf6 7. h5 Rg8 8. hxg6 hxg6 9. Nf3 (9. f3 Qa5 10. Qc2 d6 11. Bg5
Nbd7 12. e3 Ne5 13. Be2 Bd7 14. Bxf6 exf6 15. f4 Ba4 $1 16. Qb2 Nd7 $15 {
Orsag,M-Vokac,M Turnov ch-CZ 1996}) 9... d6 10. Ng5 Qa5 11. Qb3 (11. Bd2 Nbd7
12. Qb1 Nb6 13. e4 Qa4 (13... fxe4) 14. exf5 Bxf5 (14... Nxc4) 15. Qb3 O-O-O
$13 {Plischki,S-Bangiev,A Ol-nand 1995}) 11... Nbd7 12. Bf4 {Dautov,R-Vokac,M
Dortmund 1992 54/49 [Dautov,R]} Nb6 13. e3 Bd7 14. Be2 O-O-O $15) 6... fxe4 (
6... d6 7. exf5 Bxf5 8. Bd3 $1 Qd7 9. Nf3 e5 (9... Nf6 10. O-O O-O 11. Ng5 $16)
10. Ng5 Ne7 11. f4 $1 O-O 12. O-O Na6 13. Bxf5 $1 Rxf5 (13... Qxf5 14. g4) 14.
g4 Rxg5 15. fxg5 $18 {Lukacs,P-Nikolaidis,I Budapest 1995 65/45 [Lukacs,P]}) 7.
h4 (7. f3 Nf6 8. fxe4 d6 9. Bd3 Qa5 (9... Nbd7 10. Nf3 Ng4 $1 11. h3 (11. Bf4
O-O) 11... Nge5 12. Be2 Nxf3+ 13. gxf3 Nf6 $1 14. Qd3 Qa5 15. Qe3 O-O $6 (15...
Nh5 $1 16. e5 dxe5 17. Qxe5 O-O 18. Bh6 Rf7 $13) 16. Bd2 e5 17. dxe6 Bxe6 {
1/2-1/2 Lukacs,P-Seal,G Budapest 1995 65/(45) [Lukacs,P]} 18. h4 $1 Qc7 (18...
Nh5 19. Qd3) 19. Qd3 Qe7 20. Bg5 $16) 10. Qc2 Nbd7 11. Nf3 Ne5 12. O-O Nxf3+
13. Rxf3 Ng4 14. Bf4 Bd7 15. e5 $1 Nxe5 16. Bxe5 dxe5 17. Re1 Qc7 18. Rfe3 Qd6
19. Rxe5 Rf8 $1 20. Rxe7+ Qxe7 21. Qc1 $1 Rf7 $2 (21... Rc8 $1 $13) 22. d6
Qxe1+ $2 (22... Qe6 $16) 23. Qxe1+ Kf8 24. Qe5 $18 {Onischuk,Al-Sokolov,A
Viernheim 1995 65/(45)}) 7... Qa5 (7... Nf6 8. h5 Rg8 9. hxg6 hxg6 10. Nh3 $44)
8. h5 $5 Qxc3+ $8 9. Bd2 Qg7 $8 10. Ne2 $6 {during the game I felt this was
not the best move,and indeed black has I think a good position after this move,
I was fearing white would play 10.Nh3 which may cause black much more serious
problems} (10. Nh3 $1 d6 11. Ng5 Nf6 12. h6 Qf8 13. Bc3 {and it is not
pleasure to play this position with black}) 10... d6 11. Bc3 Nf6 {now white
does not have a knight to come to g5!} 12. Rb1 (12. Ng3 Bf5 13. Rb1 b6 $13 (
13... e3 14. Rb2 (14. Nxf5 $2 exf2+ 15. Kxf2 gxf5) (14. Rxb7 exf2+ 15. Kxf2
Ng4+ 16. Qxg4 Qxc3 $36 {[%csl Rf2]}) 14... exf2+ 15. Rxf2 $44)) 12... Nbd7 13.
Ng3 Ne5 14. Be2 $2 {after this move black has a much better position,white's
last chance was 14.Bxe5 with a very unclear position,but after black playes
0-0 white a cery difficult task to prove he has enough compensation for his 2
pawns} (14. Bxe5 $1 dxe5 15. Qa4+ Bd7 (15... Kf7 16. h6 $1 Qf8 17. Qa3 (17. Be2
$44) 17... e6 18. Be2 $13) 16. Qa3 $13) 14... O-O 15. Rb3 {white wants an
active rook on the third rank,so black immediately close the rank for this
rook!} e3 $1 (15... gxh5 {this move is also quite good but I like e3 more,
since it is a correct idea just to black the rank} 16. Bxe5 dxe5 17. Nxh5 (17.
Qd2 $5) 17... Nxh5 18. Bxh5 Kh8 19. Rg3 Qf6 $17) 16. fxe3 Nxh5 17. Nxh5 gxh5
18. Rxh5 Rf5 $4 {a serious mistake,which does not loss yet,but throwes away my
advantage,I have missed a very simple move by white in one of the variations,
but if I would have played very simple simply take on g2 probably black is
winning without any special problems,at this momenet a time trouble began....}
(18... Qxg2 {what can be more simply than that} 19. Bxe5 {I see nothing else
since black was threatening Nxc4 winning immediately} dxe5 20. Kd2 (20. Rxe5 $4
Qg3+) 20... Rf2 $19) 19. Rxf5 Bxf5 20. Rxb7 {of course I saw this position,and
here I prepered to play 20...Nd3 and after 21.Qxd3 Qg3 with a queen for two
bishops but I missed 21.Kd2 by white,simply forgot about this move that's not
very nice in a time trouble!!} Rf8 $2 {as normal in chess and many other
things in life after one mistake comes another one and onthoer one.....} (20...
Qxg2 $5 21. Bxe5 dxe5 22. Bf3 (22. Rxe7 $2 Rb8 $1 $19) 22... Qxa2 (22... Qg3+
23. Kd2 (23. Ke2 e4) 23... e4 24. Be2 Rb8 25. Qb1 Rxb7 26. Qxb7 Bg4 $11) 23. d6
$1 (23. Rxe7 $2 Rb8 $19) (23. e4 Bg6 $17 {[%cal Gf8f1]}) 23... e6 $132) 21. Kd2
$1 Be4 (21... a6) 22. Qe1 $2 {[%cal Ge1h4]} (22. g4 Rf2) (22. Qg1 $1) 22... Qg5
$2 {this is just unbelieveable from some unknowen reason black does not want
to take the "g2" pawn even if it is the best move in the psoition and a
winning one??!!} (22... Qxg2 23. Bxe5 dxe5 24. Rxe7 Bf3 $1 {[%cal Gf3e2,Yf8f2]}
25. Qf1 Qh2 26. Re8 $8 (26. Kd1 Bxe2+ 27. Qxe2 Qg1+ 28. Kd2 Rf2) 26... Rxe8 27.
Qxf3 {[%csl Ge5,Rg8]} e4 $1 28. Qg4+ Kh8 $17 {/-+}) 23. Rxa7 Bxg2 24. Qg1 $1
Nf3+ (24... Rf1 25. Qh2 Nf3+ 26. Bxf3 Rxf3 (26... Bxf3 27. Ra8+) 27. Rxe7 $1 {
tranposes to the game after Rf2}) 25. Bxf3 Rxf3 26. Rxe7 $1 Rf1 27. Qh2 Rf2+
28. Kc1 {black's flag fell here,black has force way to try a keep playing 28...
Be4 29.QxR QxR but this position seems much better for white maybe even
winning but black still has some chances} 1-0

[Event "USA-ch"]
[Site "Seattle"]
[Date "2002.01.09"]
[Round "5"]
[White "Fedorowicz, John P"]
[Black "Kraai, Jesse"]
[Result "1/2-1/2"]
[WhiteElo "2517"]
[BlackElo "2442"]
[Annotator "Hecht,H"]
[PlyCount "119"]
[EventDate "2002.01.05"]
[EventType "swiss"]
[EventRounds "9"]
[EventCountry "USA"]
[SourceTitle "CBM 087"]
[Source "ChessBase"]
[SourceDate "2002.03.21"]
[SourceVersion "1"]
[SourceVersionDate "2002.03.21"]
[SourceQuality "1"]

1. d4 e6 2. Nf3 b5 3. e4 Bb7 4. Nbd2 a6 5. Bd3 c5 6. c3 cxd4 7. cxd4 Nc6 8. O-O
Rc8 9. a3 Nge7 10. d5 exd5 11. Re1 d4 12. e5 Qc7 13. Ne4 Nxe5 14. Nxe5 Qxe5 15.
Ng3 Qf6 16. Bd2 g6 17. Bb4 d6 18. a4 Rc4 19. Bxc4 bxc4 20. Rc1 d5 21. b3 Qb6
22. Bxe7 Bxe7 23. bxc4 Kf8 24. a5 Qc5 25. Qb3 Ba8 26. cxd5 Qxa5 27. Qc4 Bf6 28.
d6 Kg7 29. Ra1 Qb5 30. Qxb5 axb5 31. Ne4 Rd8 32. Nxf6 Kxf6 {[#] Starker
Verteidigungsläufer und langsames Verstärken der weißen Stellung, um zu einem
guten Zusammenspiel der Türme zu kommen.} 33. Red1 Ke5 34. Ra6 Bd5 35. Re1+ Kf6
(35... Kf5 $142) 36. Rb6 (36. d7+ $5 Be6 37. Rd6 Ke7 38. Rxd4 Rxd7 {und
Schwarz wird sich halten können}) 36... Rd7 37. f3 Bc4 38. Kf2 d3 39. Re4 g5
40. Ke1 Be6 41. Kd2 Bc4 42. h4 gxh4 43. Rxh4 Ke5 44. Ke3 f6 45. Rh5+ Ke6 46.
Rh6 Rf7 47. g4 Kd5 48. Rh5+ Ke6 49. f4 Rd7 50. Rh6 $18 {[%csl Rf6,Rh7]} Rd8 (
50... Rf7 51. g5 Kf5 52. Rxf6+ Rxf6 53. gxf6 Kxf6 54. f5 {[%cal Rb6b8]} Bd5 55.
d7+ Ke7 56. Rd6 $18) (50... Kd5 51. Rxf6 Kc5 52. Ra6 b4 53. Rf5+ $18) (50...
Rxd6 51. Rxf6+ Kxf6 52. Rxd6+ Kf7 53. f5 Ke7 54. Rb6 Kf7 55. g5 Kg7 56. Rb7+
Kg8 57. f6 $18) 51. Kd2 $5 (51. d7+ $1 Kxd7 (51... Kd5 52. Rh5+ $18) 52. Rxh7+
Kc8 53. Kd2 Re8 (53... Rf8 54. Rg7 $22 $18) 54. Rxf6 $18) 51... Kd5 52. Ra6 $6
(52. Rxf6 $1 Re8 53. Kc3 Re2 54. Rf5+ Ke6 55. Re5+ $18) 52... b4 53. Ra4 Rxd6
54. Rxb4 Ra6 {Der schreckliche Freibauer ist weg und alle schwarzen Steine
sind aktiv.} 55. Rb2 Ke4 56. Rxh7 Kxf4 57. Rb4 Ra2+ 58. Kd1 Ra1+ 59. Kd2 Ra2+
60. Kd1 1/2-1/2

[Event "Bermuda-A"]
[Site "Bermuda"]
[Date "1995.??.??"]
[Round "4"]
[White "Lesiege, Alexandre"]
[Black "Ivanov, Alexander"]
[Result "1-0"]
[WhiteElo "2460"]
[BlackElo "2515"]
[Annotator "Hecht,H"]
[PlyCount "139"]
[EventDate "1995.01.??"]
[EventType "tourn"]
[EventRounds "9"]
[EventCountry "BER"]
[EventCategory "10"]
[SourceTitle "CBM 046"]
[Source "ChessBase"]
[SourceDate "1995.06.01"]
[SourceVersion "1"]
[SourceVersionDate "1995.06.01"]
[SourceQuality "1"]

1. c4 g6 2. d4 Bg7 3. Nf3 c5 4. e4 d6 5. Be2 Qa5+ 6. Bd2 Qb6 7. Bc3 cxd4 8.
Nxd4 Nf6 9. Nd2 O-O 10. Nc2 Nbd7 11. Ne3 Nc5 12. Qc2 e5 13. O-O a5 14. Kh1 Bd7
15. b3 Rac8 16. Rae1 Bc6 17. Bf3 Ne6 18. Bg4 Nxg4 19. Nxg4 Nd4 20. Qd3 a4 21.
Ne3 Qa7 22. f4 exf4 23. Nd5 Rfe8 24. Nxf4 b5 25. Nd5 Bxd5 26. exd5 axb3 27.
axb3 f5 28. Re3 bxc4 29. bxc4 Qc5 30. Rfe1 Rxe3 31. Qxe3 Be5 32. Qd3 Ra8 33.
Rb1 Ra7 34. Qe3 Kg7 35. h3 Re7 36. Qd3 Bf6 37. Rf1 Qb6 38. g4 Ne2 39. Bxf6+
Kxf6 40. gxf5 Re3 41. fxg6+ Ke7 42. Rb1 Rxd3 43. Rxb6 hxg6 44. Rb7+ Kd8 45. Ne4
Ng3+ 46. Nxg3 Rxg3 47. Kh2 Rc3 48. Rg7 Rxc4 49. Rxg6 $18 {Vertikale Sperre für
den sK, horizontale Sperre für den wK.} Ke7 50. Re6+ Kd7 51. Rf6 Ke7 52. Rf5
Rc3 53. h4 Rb3 54. h5 Ra3 55. h6 Ra8 56. h7 Rh8 57. Rh5 {Die Türme gehören
hinter die Freibauern: der Rh5 steht hinter dem Ph7.} Kf6 58. Kg3 Kg7 59. Kg4
Kg6 60. Rh1 Kf6 61. Kf4 (61. Rh6+ Ke5 62. Kg5 Kxd5 63. Kf6 Ke4 64. Kg7 Rxh7+
65. Rxh7 d5 66. Kf6 d4 67. Re7+ (67. Rh4+ Ke3 68. Ke5 d3 69. Rh3+ Ke2 70. Kd4
d2 71. Rh2+ Ke1 72. Ke3 d1=N+ $10) 67... Kf3 68. Ke5 d3 $10) 61... Kg6 {
Der Kf4 schickt sich an, die schwarze Position am Q-Flügel zu umgehen.} 62. Ke4
Kf6 63. Kd4 Kg7 64. Kc4 Rc8+ (64... Rxh7 65. Rxh7+ Kxh7 66. Kb5 Kg7 67. Kc6 $18
) 65. Kb5 Kh8 66. Kb6 Rc5 67. Rh5 Rc8 68. Rh6 Rb8+ 69. Kc6 Ra8 70. Rh1 {
Zugzwang} (70. Rxd6 Kxh7 71. Re6 Kg7 72. d6 Kf7 73. Re1 $18) (70. Rh1 Ra6+ 71.
Kc7 $18 {Zugzwang}) 1-0

[Event "RUS-chT 06th"]
[Site "St Petersburg"]
[Date "1999.05.18"]
[Round "3"]
[White "Filippov, Valerij"]
[Black "Meshkov, Yuri A"]
[Result "1-0"]
[WhiteElo "2574"]
[BlackElo "2397"]
[Annotator "Hecht,H"]
[PlyCount "121"]
[EventDate "1999.05.16"]
[EventType "team-tourn"]
[EventRounds "9"]
[EventCountry "RUS"]
[SourceTitle "EXT 2020"]
[Source "ChessBase"]
[SourceDate "2019.10.17"]
[SourceVersion "1"]
[SourceVersionDate "2019.10.17"]
[SourceQuality "1"]
[WhiteTeam "Tomsk Siberia"]
[BlackTeam "Smolensk TsEM"]
[WhiteTeamCountry "RUS"]
[BlackTeamCountry "RUS"]

1. Nf3 g6 2. c4 Bg7 3. d4 c5 4. e4 Qa5+ 5. Nc3 Nf6 6. Bd3 cxd4 7. Nxd4 Nc6 8.
Nb3 Qd8 9. O-O O-O 10. Bg5 d6 11. Qd2 Nd7 12. Rac1 Nc5 13. Bb1 Nxb3 14. axb3
Nd4 15. Qd1 a5 16. Nd5 Nc6 17. Qd2 Be6 18. Kh1 Bxd5 19. exd5 Ne5 20. Rc3 Re8
21. f4 Ng4 22. Rg3 Qc8 23. Qd1 Nf6 24. f5 a4 25. fxg6 fxg6 26. h4 axb3 27. Qxb3
Nh5 28. Rgf3 Qg4 29. Qe3 Be5 30. Bxg6 hxg6 31. Qd3 Kh7 32. Rf7+ Bg7 33. Re1 Ra4
34. Re6 Ng3+ 35. Kh2 Nf5 36. Re4 Qg3+ 37. Qxg3 Nxg3 38. Kxg3 Kg8 39. Rfxe7 Rxe7
40. Rxe7 Rxc4 41. Rxb7 Rc5 42. b4 Rxd5 {[#] Thema: Freibauer} 43. b5 Be5+ 44.
Kf3 Rd3+ 45. Be3 d5 (45... Bd4 46. Ke4 Rxe3+ 47. Kxd4 Rg3 48. b6 $18) 46. Ke2
Rb3 47. Bc5 Rb2+ 48. Kd3 Rb3+ 49. Ke2 Rb2+ 50. Kd1 d4 51. Re7 Bf6 52. Re8+ Kg7
53. b6 d3 54. Rc8 Kf7 (54... Bc3 55. Bf8+ Kf7 56. Rxc3 Kxf8 57. Rc6 Kg7 58. g4
Kf7 59. g5 $22 {[%csl Rd3,Rg6]}) 55. Rc7+ Ke6 56. Rc6+ Kd5 (56... Kf5 57. Rxf6+
Kxf6 58. Bd4+ $18) 57. Rxf6 Kxc5 58. Rxg6 Kd4 59. h5 Rb1+ 60. Kd2 Rb2+ 61. Kc1
(61. Kc1 d2+ 62. Kxb2 d1=Q 63. Rd6+ $18) 1-0

[Event "Mario Covas 1st"]
[Site "Santos"]
[Date "2001.01.18"]
[Round "9"]
[White "Izeta Txabarri, Felix"]
[Black "Lima, Darcy Gustavo Macha"]
[Result "1-0"]
[WhiteElo "2448"]
[BlackElo "2544"]
[Annotator "Hecht,H"]
[PlyCount "131"]
[EventDate "2001.01.29"]
[EventType "tourn"]
[EventRounds "11"]
[EventCountry "BRA"]
[EventCategory "8"]
[SourceTitle "CBM 082"]
[Source "ChessBase"]
[SourceDate "2001.05.17"]
[SourceVersion "1"]
[SourceVersionDate "2001.05.17"]
[SourceQuality "1"]

1. d4 e6 2. c4 b6 3. e4 Bb7 4. d5 Ne7 5. Nc3 Ng6 6. Bd3 Na6 7. Nge2 Be7 8. O-O
O-O 9. a3 Nc5 10. Bc2 a5 11. f4 d6 12. Be3 Bf6 13. b4 Nd7 14. Qd2 Qe7 15. Rad1
Rfd8 16. Nb5 Ndf8 17. Ned4 Bxd4 18. Nxd4 e5 19. Nf5 Qd7 20. Qc3 f6 21. g3 Qe8
22. Bc1 Bc8 23. Ne3 exf4 24. gxf4 Nh4 25. Qe1 Qh5 26. Qg3 axb4 27. axb4 Nfg6
28. Rde1 f5 29. Bb2 Ra2 30. Bd4 fxe4 31. Bxe4 Nf5 32. Nxf5 Bxf5 33. Bxf5 Qxf5
34. Re7 Rd7 35. Rxd7 Qxd7 36. f5 Ne5 37. Bxe5 dxe5 38. Qxe5 Qd6 39. Qe8+ Qf8
40. Qe6+ Kh8 41. f6 gxf6 42. Qxf6+ Qg7+ 43. Qxg7+ Kxg7 44. Re1 Kf7 45. Re6 Ra4
46. Rc6 Rxb4 47. Kf2 Rb2+ 48. Ke3 Rxh2 49. Rxc7+ Ke8 50. Rb7 Rh6 51. Kd4 Kd8
52. Kc3 Kc8 53. Rf7 Rh1 54. Kb4 Rb1+ 55. Ka4 h5 56. Rh7 Rb2 (56... h4 57. Rxh4
Kb7 58. Rh7+ Ka6 59. d6 $1 (59. Re7 $2 Rd1 $1 (59... b5+ $2 60. cxb5+ Rxb5 61.
Re6+ $1 (61. Ra7+ $2 Kb6 $1 (61... Kxa7 62. Kxb5 Kb7 63. d6 Kb8 64. Kb6 Kc8 65.
Kc6 $18) 62. Rb7+ Kxb7 63. Kxb5 Kc7 $11) 61... Rb6 62. d6 Ka7 63. d7 Rb8 64.
Re8 $18) 60. Kb4 Rb1+ 61. Kc3 Rc1+ 62. Kd3 Rd1+ 63. Kc2 Rd4 64. Kc3 Rd1 {
und der Widerstand versteift sich.} 65. Re4 Kb7 (65... b5 $2 66. Kc2 Rh1 67. c5
$18) 66. Kc2 Rh1 67. Re7+ Kc8) 59... Rd1 ({Achtung:} 59... b5+ 60. cxb5+ Kb6
61. Rh8 Rd1 62. Rb8+ Ka7 63. Rd8 Kb6 64. Kb4 Rb1+ 65. Kc4 Rd1 {und Weiß kommt
nicht weiter}) 60. d7 Rd3 ({Achtung:} 60... b5+ 61. cxb5+ (61. Kb4 bxc4 $11)
61... Kb6 $11) 61. Kb4 Rd1 62. Kc3 Rd6 (62... Ka5 63. d8=Q Rxd8 64. Ra7#) (
62... b5 63. c5 b4+ 64. Kc2 $1 Rd5 65. Rh6+ Kb7 66. Rd6 $18) 63. c5 $1 bxc5 64.
Rh6 $18) 57. Rxh5 Rb1 58. Rh7 Rb2 59. Rh1 Kc7 60. Ka3 Rd2 61. Kb4 Rb2+ 62. Kc3
Rg2 63. Rh7+ Kc8 64. Re7 Rg4 $2 (64... Rg1 $1 65. Kd4 Rd1+ 66. Ke5 Rc1 $132)
65. Kb4 Kd8 (65... Rg1 $142 66. Kb5 Rg4 67. c5 $1 bxc5 68. Kc6 Rg8 69. d6 c4
70. Rc7+ Kb8 71. Rb7+ Ka8 72. d7 c3 73. Rb3 c2 74. Rc3 Kb8 75. Rxc2 Rg6+ 76.
Kd5 Rg5+ 77. Ke6 Rg8 78. Kf7 Rh8 79. Rh2 $18) 66. Rb7 1-0

[Event "ISR-ch"]
[Site "Tel Aviv"]
[Date "2002.11.27"]
[Round "3"]
[White "Kaganskiy, Gleb"]
[Black "Polyakov, Alex"]
[Result "1-0"]
[WhiteElo "2315"]
[BlackElo "2311"]
[Annotator "Hecht,H"]
[PlyCount "107"]
[EventDate "2002.11.24"]
[EventType "swiss"]
[EventRounds "9"]
[EventCountry "ISR"]
[SourceTitle "CBM 093"]
[Source "ChessBase"]
[SourceDate "2003.04.01"]
[SourceVersion "1"]
[SourceVersionDate "2003.04.01"]
[SourceQuality "1"]

1. d4 e6 2. c4 b6 3. e4 Bb7 4. Nc3 Bb4 5. Bd3 Nc6 6. Nf3 Bxc3+ 7. bxc3 d6 8. c5
dxc5 9. dxc5 Nge7 10. O-O O-O 11. Qe2 Ng6 12. Bg5 f6 13. Be3 Qe7 14. Nd4 Rfd8
15. f4 Nxd4 16. cxd4 bxc5 17. dxc5 e5 18. f5 Nf4 19. Bc4+ Kh8 20. Qc2 Bc6 21.
h4 Rab8 22. g3 Nh5 23. Kh2 Rb4 24. a3 Ra4 25. Rfc1 g6 26. Bd5 Bb5 27. fxg6 hxg6
28. c6 a6 29. Bc5 Qe8 30. Rd1 f5 31. Bf7 Rxd1 32. Bxe8 Rxa1 33. Qb2 Rxe4 34.
Qxa1 f4 35. gxf4 Re2+ 36. Kh3 Bd3 37. Qxe5+ Rxe5 38. fxe5 Nf4+ 39. Kg3 Ne6 40.
Be7 Kg7 41. Kf2 Be4 42. Ke3 Bd5 43. Kd3 a5 44. Ke3 Kh6 45. Bd7 Kg7 46. Bxe6
Bxe6 {Um nur eine Linie getrennte Freibauern} 47. Kd4 Kf7 48. Bd8 a4 49. Kc5
Bc8 {Schwarz erreicht nicht die nötige Koordinierung seiner
Verteidigungsfiguren.} (49... Ke8 50. Bxc7 Bf5 51. Kd6 Bg4 52. e6 Bf3 53. Ba5
Bg2 54. e7 Bf3 55. Bb4 Bg2 56. Kc7 Bf3 57. Kb6 Bg2 58. c7 Bh3 59. Kb7 $18) 50.
Bxc7 Ke6 51. Bd6 Ba6 52. Kb6 Bc4 53. c7 Kd7 54. Kb7 1-0

[Event "Orel"]
[Site "Orel"]
[Date "1995.??.??"]
[Round "2"]
[White "Iskusnyh, Sergei"]
[Black "Lempert, Igor"]
[Result "0-1"]
[WhiteElo "2425"]
[BlackElo "2510"]
[Annotator "Hecht,H"]
[PlyCount "88"]
[EventDate "1995.??.??"]
[EventType "tourn"]
[EventRounds "9"]
[EventCountry "RUS"]
[EventCategory "10"]
[SourceTitle "CBM 048"]
[Source "ChessBase"]
[SourceDate "1995.10.01"]
[SourceVersion "1"]
[SourceVersionDate "1995.10.01"]
[SourceQuality "1"]

1. d4 e6 2. c4 b6 3. e4 Bb7 4. Bd3 f5 5. Nc3 Bb4 6. Qh5+ g6 7. Qe2 Nf6 8. Bg5
fxe4 9. Bxe4 Bxe4 10. Bxf6 Qxf6 11. Qxe4 O-O 12. Nf3 Bxc3+ 13. bxc3 Nc6 14. O-O
Qf4 15. Qe2 Rf5 16. Nd2 Qh6 17. Ne4 Raf8 18. Rad1 Ne7 19. Rd3 g5 20. Rh3 Qg7
21. Qd1 Ng6 22. Rg3 h6 23. Re3 Nf4 24. Ng3 R5f7 25. Nh5 Qg6 26. Ng3 Kh7 27. Qb1
Qxb1 28. Rxb1 Kg6 29. Rb5 Nh5 30. Nxh5 Kxh5 31. f3 Kg6 32. h3 Rf5 33. Ree5 a6
34. Rxf5 Rxf5 35. Rxf5 Kxf5 {7-7 P, schlechte weiße Bauernstruktur, Raum,
Durchbruch im Zentrum} 36. Kf2 h5 37. g3 (37. g4+ hxg4 38. hxg4+ Kf4 39. Ke2 d6
40. Kf2 e5 41. Ke2 e4 $19) (37. Ke3 h4 $19 {und weiter wie im Text}) 37... h4
38. gxh4 gxh4 39. Ke3 d5 40. cxd5 (40. c5 bxc5 41. dxc5 e5 42. c6 a5 43. a4 Kg5
44. Ke2 Kf4 45. Kf2 e4 46. fxe4 dxe4 $19) 40... exd5 41. a3 a5 42. f4 (42. a4
c6 43. f4 b5 $19) 42... a4 43. Kf3 c6 $1 44. Ke3 c5 (44... c5 45. dxc5 (45. Kf3
cxd4 46. cxd4 b5 47. Ke3 b4 $19) 45... bxc5 46. Kf3 d4 47. c4 d3 48. Ke3 d2 49.
Kxd2 Kxf4 50. Kd3 Kg3 51. Ke4 Kxh3 52. Kf3 Kh2 53. Kf2 h3 54. Kf1 Kg3 $19) 0-1